000 00545nam a2200169Ia 4500
003 GCL
008 140319s9999 xx 000 0 ara d
040 _aGCL /
_cGCL
082 0 4 _a813.03
_bى ت
100 1 _aيحيى الطاهر عبدالله
245 1 0 _aتصاوير من التراب والماء والشمس /
_cيحيى الطاهر عبدالله
300 _a63 ص
490 _aالهيئة العامة للاستعلامات
_v0
650 0 4 _aالادب العربى
650 0 4 _aالقصص العربية
942 _2ddc
_cBK
999 _c46953
_d46953